000 00393nam a2200169Ia 4500
008 210210b1909 xxu||||| |||| 00| 0 eng d
041 _aeng
082 _a821/739
100 _aWORDSWORTH (W)
245 _aSelections, Part II
260 _aLondon
_bMacmillan & Co. Ltd.
_c1909
650 _aSelections,
650 _aPart
650 _aII
690 _aEnglish Poetry
906 _a011907
999 _c130631
_d130631